[Event "GER-chT11-B1 email"]
[Site "GER email"]
[Date "2015.10.15"]
[Round "?.4"]
[White "Hering, Hartmut"]
[Black "Tornow, Michael"]
[Result "1/2-1/2"]
[WhiteElo "2240"]
[BlackElo "2298"]
[PlyCount "54"]
[EventDate "2015.??.??"]
[EventType "tourn (corr)"]
[EventRounds "8"]
[EventCountry "GER"]
[SourceTitle "Corr 2017"]
[Source "ChessBase"]
[SourceDate "2017.09.19"]
[SourceVersion "1"]
[SourceVersionDate "2017.09.19"]
[SourceQuality "1"]
[WhiteTeam "SV Berolina Mitte"]
[BlackTeam "Zugzwang Bocholt II"]

1. e4 c5 2. Nc3 Nc6 3. Nf3 d6 4. d4 cxd4 5. Nxd4 Nf6 6. f3 e5 7. Nb3 Be7 8. Be3 0-0 9. Qd2 a5 10. Bb5 Be6 11. 0-0-0 Na7 12. Bxa7 Rxa7 13. Qe3 Ra8 14. Kb1 Qc7 15. Rd3 Rfd8 16. Rhd1 Rac8 17. a3 h6 18. h4 h5 19. R3d2 g6 20. Ba4 Kg7 21. g3 Bc4 22. Nc1 Rb8 23. Bb5 Be6 24. Nb3 Rbc8 25. Qg1 Bf8 26. a4 b6 27. Ba6 Ra8 1/2-1/2